000 00938 a2200169 4500
001 141353
040 _cLeonardo Da Vinci
041 _aPortuguês
082 _a324.3 Z58a
_bZ58a
100 _aZERBINE, Therezinha Godoy
245 _aAnistia
_bsementes da liberdade
260 _bEscolas profissionais salesianas
_c1979
_aSão Paulo
300 _a255
362 _a19790000
697 _aAnistia
_a1975
_aManifestos
_aMulher brasileira
_aConferência Porto Alegre
_aJornal do Comércio
_aFolha de Londrina
_a1976
_aTribuna do Ceará
_aMASP
_aNorte
_aJornal da Bahia
_aJornal de debates
_a1977
_aAuditório das Mercês
_aSalvador
_aSão Paulo
_aDiário de Notícias
_aTribuna da Bahia
_aJornal do Brasil
_aDiário de Natal
_aAssembléia Legislativa
_aFlorianópolis
_aDiário Popular
_aGoiânia
_aTribuna do Norte
_aTribuna do Ceará
_aRevista Manchete
_aDiário de Lisboa
_a1979
_aJornal do Brasil
_aFolha de Londrina
_aCBA
_aCuritiba
_aCampinas
_aBrasil
942 _cBK
999 _c141353
_d141353